CYBERSECURITY AND THIRD-PARTY RISK: THIRD PARTY THREAT HUNTING (Record no. 214548)

MARC details
000 -LEADER
fixed length control field 00450nam a22001577a 4500
008 - FIXED-LENGTH DATA ELEMENTS--GENERAL INFORMATION
fixed length control field 250122b |||||||| |||| 00| 0 eng d
020 ## - INTERNATIONAL STANDARD BOOK NUMBER
International Standard Book Number 978-1-119-80955-5
050 ## - LIBRARY OF CONGRESS CALL NUMBER
Classification number QA 76.9 .A25 R37 2021
Item number C.1
100 ## - MAIN ENTRY--PERSONAL NAME
Personal name RASNER GREGORY C.
245 ## - TITLE STATEMENT
Title CYBERSECURITY AND THIRD-PARTY RISK: THIRD PARTY THREAT HUNTING
260 ## - PUBLICATION, DISTRIBUTION, ETC.
Place of publication, distribution, etc. NEW JERSEY
Name of publisher, distributor, etc. JOHN WILEY
300 ## - PHYSICAL DESCRIPTION
Extent XXII,458P.
500 ## - GENERAL NOTE
General note INCLUDES INDEX
942 ## - ADDED ENTRY ELEMENTS (KOHA)
Source of classification or shelving scheme Library of Congress Classification
Koha item type Long Loan Book
Holdings
Withdrawn status Lost status Source of classification or shelving scheme Damaged status Not for loan Collection Home library Current library Shelving location Date acquired Inventory number Total checkouts Full call number Barcode Date last seen Date last checked out Copy number Price effective from Koha item type
    Library of Congress Classification     Science & Technology Kisii University Library Kisii University Library On Display 01/22/2025 106234 1 QA 76.9 A25 R37 2021 000000020903 09/24/2025 09/12/2025 C.1 01/22/2025 Long Loan Book
    Library of Congress Classification     Science & Technology Kisii University Library Kisii University Library On Display 02/05/2026 111183   QA 76.9 .A25 R37 2021 50926 02/05/2026   2 02/05/2026 Long Loan Book
    Library of Congress Classification     Science & Technology Kisii University Library Kisii University Library On Display 02/05/2026 111184   QA 76.9 .A25 R37 2021 50946 02/05/2026   3 02/05/2026 Long Loan Book
    Library of Congress Classification     Science & Technology Kisii University Library Kisii University Library On Display 02/05/2026 111185   QA 76.9 .A25 R37 2021 50942 02/05/2026   4 02/05/2026 Long Loan Book
    Library of Congress Classification     Science & Technology Kisii University Library Kisii University Library On Display 02/05/2026 111186   QA 76.9 .A25 R37 2021 50934 02/05/2026   5 02/05/2026 Long Loan Book
    Library of Congress Classification     Science & Technology Kisii University Library Kisii University Library On Display 02/05/2026 111182   QA 76.9 .A25 R37 2021 50930 02/05/2026   6 02/05/2026 Long Loan Book